| 000 | 00755 a2200193 4500 | ||
|---|---|---|---|
| 999 |
_c331127 _d331127 |
||
| 001 | 86247 | ||
| 003 | NUST | ||
| 005 | 20180116120633.0 | ||
| 008 | 170915b xxu||||| |||| 00| 0 eng d | ||
| 020 | _a9781842126080 | ||
| 040 | _cNUST | ||
| 082 |
_a297.63 _bARM |
||
| 100 |
_aKaren Armstrong _94608 |
||
| 245 |
_aMuhammad : a biography of the Prophet (controversial book placed in closed shelve) / _cby Karen Armstrong |
||
| 250 | _a1st | ||
| 260 |
_aLondon _bPhoenix _c2001 |
||
| 300 | _a290p. | ||
| 500 | _aGeneral Collection | ||
| 650 |
_aSeerat un Nabi- Biography _93111 |
||
| 942 |
_cBK _2ddc |
||